Arte monástica em Lorvão (Registo nº 200772)

Detalhes MARC
000 -Etiqueta do registo
Valores 00686nam 22001933 4500
010 ## - Número ISBN
ISBN 972-31-0885-2
021 ## - Número do Depósito Legal
Número 166998/01
100 ## - Dados gerais de processamento
Dados gerais 20260226d u||y0pory50 ba
200 ## - Titulo e menção de responsabilidade
Título próprio Arte monástica em Lorvão
Informação de outro título sombras e realidade: Das origens a 1737
Primeira menção de responsabilidade Nelson Correia Borges
210 ## - Publicação
Local de publicação Lisboa
Nome do editor Fundação Calouste Gulbenkian, Fundação para a Ciência e a tecnologia, Ministério da Ciência e Tecnologia
Data de publicação 2002
215 ## - Descrição física 
Paginação / Volumes vol. I (703 p.)
Outras indicações físicas brochado
Dimensões 23 cm
606 ## - Nome comum usado como assunto
ID Autoridade 4638
Palavra de ordem Estilos de arte.
675 ## - CDU
Notação 7.03
Edição PT
Língua por
700 ## - Autor principal (pessoa individual)
ID Autoridade 14177
Apelido Borges
Nome Nelson Correia
Datas 1943-
801 ## - Fonte de origem
País PT
Agência BMMN
Regras de catalogação RPC
830 ## - Notas gerais do catalogador
Criado por Fernando
Indexado por Fernando
990 ## - Elementos KOHA
Tipo de documento Livro
Exemplares
Situação do levantamento Biblioteca de origem Código de barras Cota Permissão de empréstimo Tipo de documento Forma de aquisição
  Biblioteca Municipal de Montemor-o-Novo 30007 7.03 BOR|DEP   Livro Oferta

Powered by Koha